Statistics for Phoebe Bridgers - Killer (Lyrics)

Click here to take the quiz!

General Stats

  • This quiz has been taken 111 times
    (110 since last reset)
  • The average score is 156 of 174

Answer Stats

Answer% Correct
I
100%
I'm
100%
a
99%
in
99%
killer
99%
my
99%
scared
99%
you?
99%
you
99%
your
99%
About
97%
couch
97%
myself
97%
on
97%
Sometimes
97%
talking
97%
the
97%
think
97%
to
97%
Dahmer
96%
Even
96%
even
96%
house
96%
me
96%
and
94%
And
94%
But
94%
by
94%
can
94%
Can
94%
do
93%
fire
93%
is
91%
Tame
91%
body
90%
for
90%
there
90%
when
90%
When
90%
can't
88%
harmless
88%
next
88%
nothing
88%
sleep
88%
death
87%
of
87%
sick
87%
us
85%
us?
85%
am
84%
breath
84%
chase
84%
count
84%
there's
84%
blood
82%
I'd
82%
all
81%
hungry
81%
tired
81%
faking
79%
Know
79%
know
79%
pretty
79%
sure
79%
alive
78%
hair
78%
keeps
78%
left
78%
losing
78%
love
78%
mind
78%
plug
78%
Plus,
78%
pull
78%
that
78%
barely
76%
head
76%
kiss
76%
machine
76%
miss
76%
hope
73%
rotten
73%
burned
72%
I've
72%
playlist
70%
something
70%
every
69%
given
67%
Or
67%
stupid
67%
waiting
64%

Score Distribution

Percentile by Number Answered

Percent of People with Each Score

Your Score History

You have not taken this quiz since the last reset